[Event "CRO-Cup"]
[Site "Pula"]
[Date "1990.??.??"]
[Round "?"]
[White "Kozul, Zdenko"]
[Black "Cvitan, Ognjen"]
[Result "1-0"]
[WhiteElo "2575"]
[BlackElo "2525"]

1.d4 Nf6 2.c4 g6 3.Nc3 Bg7 4.e4 d6 5.Nf3 O-O 6.Be2 e5 7.O-O Nc6 8.d5 Ne7
9.Ne1 Nd7 10.Be3 f5 11.f3 f4 12.Bf2 g5 13.Rc1 Ng6 14.c5 Nxc5 15.b4 Na6 16.Nb5 Bd7
17.Qa4 g4 18.fxg4 f3 19.gxf3 Nf4 20.Qd1 Nxb4 21.Nc3 a5 22.Kh1 b6 23.Be3 Na6
24.Bxa6 Rxa6 25.Ng2 Ra8 26.Nxf4 exf4 27.Bd4 Be5 28.Bxe5 dxe5 29.Qb3 Kh8 30.Nb5 Rc8
31.Qb2 Re8 32.Rc3 h5 33.gxh5 Bh3 34.Rg1 Qh4 35.Rxc7 Qxh5 36.Qf2 Rg8 37.Rxc8 Rxc8
38.d6 Rc5 39.d7  1-0

[Event "Pula tt2"]
[Site "Pula"]
[Date "1990.??.??"]
[Round "3"]
[White "Lakic, Nikola"]
[Black "Mihevic, Ivo"]
[Result "1/2-1/2"]
[WhiteElo "2285"]
[BlackElo "2235"]

1.d4 Nf6 2.c4 g6 3.Nc3 Bg7 4.e4 d6 5.Nf3 O-O 6.Be2 e5 7.O-O Nc6 8.Be3 a6
9.d5 Ne7 10.Nd2 Nd7 11.b4 f5 12.f3 f4 13.Bf2 g5 14.c5 Ng6 15.Nc4 Nf6 16.cxd6 cxd6
17.Nb6 Rb8 18.Rc1 Rf7 19.a4 Bf8 20.a5 h5 21.Nxc8 Rxc8 22.h3 Rg7 23.Qd3 Nh8
24.Bb6 Qe8 25.b5 g4 26.hxg4 hxg4 27.fxg4 Nxg4 28.Qh3 Qg6 29.bxa6 bxa6 30.Bxg4 Qxg4
31.Qxg4 Rxg4 32.Kf2 Rc4 33.Nb5 Rb4 34.Rb1 Ra4 35.Ra1 Rb4 36.Rfb1 Rc4 37.Rc1  1/2-1/2

[Event "Pula op"]
[Site "Pula"]
[Date "1990.??.??"]
[Round "3"]
[White "Bogdanov, Valentin"]
[Black "Tringov, Georgi P"]
[Result "1/2-1/2"]
[WhiteElo "2400"]
[BlackElo "2405"]

1.d4 Nf6 2.Nf3 g6 3.c4 Bg7 4.Nc3 O-O 5.e4 d6 6.Be2 e5 7.O-O Nc6 8.d5 Ne7
9.Bg5 h6 10.Bxf6 Bxf6 11.b4 Kg7 12.c5 Ng8 13.c6 b6 14.a4 a6 15.Bd3 Be7 16.Qe2 f5
17.Nd2 f4 18.f3 h5 19.Rfb1 g5 20.Kf1 g4 21.Ke1 Rf6 22.Kd1 Rg6 23.Kc2 Nf6
24.Rg1 h4 25.Raf1 Qg8 26.Nd1 a5 27.b5 Kf8 28.Qe1 g3 29.h3 Nh7 30.Rh1 Ng5
31.Rfg1  1/2-1/2

[Event "Pula tt2"]
[Site "Pula"]
[Date "1990.??.??"]
[Round "5"]
[White "Kapetanovic, Armin"]
[Black "Nurkic, Sahbaz"]
[Result "1-0"]
[WhiteElo "2390"]
[BlackElo "2395"]

1.Nf3 Nf6 2.c4 g6 3.Nc3 Bg7 4.e4 d6 5.d4 O-O 6.Be2 e5 7.O-O Nc6 8.d5 Ne7
9.a4 Ne8 10.a5 h6 11.b4 f5 12.Nd2 Rf7 13.c5 Nf6 14.f3 f4 15.Nc4 g5 16.Ba3 Ng6
17.b5 Bf8 18.Na4 Rg7 19.b6 cxb6 20.axb6 g4 21.fxg4 Nxe4 22.cxd6 a6 23.Bb2 Bd7
24.Nxe5 Bxa4 25.Rxa4 Nxd6 26.Nxg6 Rxg6 27.Bd3 Rg5 28.h4 Rg7 29.Raxf4 Qxh4
30.Bf6 Rg5 31.Bb1 Ne8 32.Bd4 Nd6 33.Bf2  1-0

[Event "Pula op"]
[Site "Pula"]
[Date "1990.??.??"]
[Round "8"]
[White "Miladinovic, Igor"]
[Black "Zelenika, Srdjan"]
[Result "1-0"]
[WhiteElo "2360"]
[BlackElo "2285"]

1.d4 Nf6 2.c4 g6 3.Nc3 Bg7 4.e4 d6 5.Nf3 O-O 6.Be2 e5 7.O-O Nc6 8.d5 Ne7
9.Ne1 Nd7 10.Nd3 f5 11.f3 Nf6 12.g4 f4 13.Bd2 g5 14.Be1 h5 15.h3 Ng6 16.Bf2 Rf7
17.Kg2 Bf8 18.c5 Bd7 19.cxd6 cxd6 20.a4 Rh7 21.Qb3 Be8 22.Rh1 a6 23.a5 Rc8
24.Qb6 Qd7 25.Rac1 Be7 26.Qb4 Bd8 27.Bb6 Bxb6 28.axb6 Nh4+ 29.Kf2 Bg6 30.Na2 Rxc1
31.Rxc1 hxg4 32.hxg4 Nxf3 33.Bxf3 Nxg4+ 34.Kg1 Nh2 35.Bg2 f3 36.Nf2 fxg2
37.Kxg2 Bh5 38.Rc7 Bf3+ 39.Kg1 Qe8 40.Qc3 Rd7 41.Kxh2 Qf7 42.Qe3 Qh5+ 43.Kg3  1-0

[Event "Pula op"]
[Site "Pula"]
[Date "1990.??.??"]
[Round "8"]
[White "Gostisa, Leon"]
[Black "Bujupi, Fatmir"]
[Result "1-0"]
[WhiteElo "2370"]
[BlackElo "2240"]

1.d4 Nf6 2.Nf3 g6 3.c4 Bg7 4.Nc3 O-O 5.e4 d6 6.Be2 e5 7.O-O Nc6 8.d5 Ne7
9.b4 a5 10.bxa5 Nd7 11.a4 Rxa5 12.Ba3 Bh6 13.Nd2 f5 14.c5 Nxc5 15.Nc4 Ra8
16.Bxc5 dxc5 17.Nxe5 Bg7 18.f4 fxe4 19.Bc4 Nf5 20.d6+ Kh8 21.Nxe4 Nxd6 22.Ng5 Qf6
23.Qd5 h6 24.Bd3 Bf5 25.Bxf5 gxf5 26.Ne6 Rf7 27.Nxc5 Ra5 28.Qd4 Kh7 29.Qb4 b6
30.Nb3 Rxe5 31.fxe5 Qxe5 32.Rae1 Qd5 33.Rd1 Qe6 34.Rfe1 Qg6 35.Qf4 Ne4 36.Nd4 c5
37.Nf3 Ng5 38.Kh1 Ne4 39.Nh4 Qg5 40.Rxe4 fxe4 41.Qxf7 Qxh4 42.Qf5+ Kh8 43.g3 Qe7
44.Rd7 Qe8 45.Rc7  1-0

[Event "Pula tt2"]
[Site "Pula"]
[Date "1990.??.??"]
[Round "10"]
[White "Masic, Ljubomir"]
[Black "Nurkic, Sahbaz"]
[Result "0-1"]
[WhiteElo "2310"]
[BlackElo "2395"]

1.c4 Nf6 2.Nc3 g6 3.d4 Bg7 4.e4 d6 5.Be2 O-O 6.Nf3 e5 7.O-O Nc6 8.d5 Ne7
9.Nd2 Ne8 10.b4 f5 11.c5 Rf7 12.f3 f4 13.Nc4 g5 14.a4 Ng6 15.Ba3 Bf8 16.Qb3 h5
17.h3 g4 18.fxg4 hxg4 19.hxg4 Bxg4 20.Bxg4 Rh7 21.Rf3 Nh4 22.Rh3 Qg5 23.Nd1 Qxg4
24.Rh2 f3 25.Nf2 Qg3 26.Nh1 f2+  0-1

[Event "Reykjavik op"]
[Site "Reykjavik"]
[Date "1990.??.??"]
[Round "9"]
[White "Gislason, Gudmundur"]
[Black "Nijboer, Friso"]
[Result "0-1"]
[WhiteElo "2225"]
[BlackElo "2485"]

1.d4 Nf6 2.c4 g6 3.Nc3 Bg7 4.e4 d6 5.Be2 O-O 6.Nf3 e5 7.O-O Nc6 8.d5 Ne7
9.Ne1 Nd7 10.Nd3 f5 11.Bd2 Kh8 12.f3 f4 13.b4 Nf6 14.c5 g5 15.cxd6 cxd6 16.Nf2 h5
17.Rc1 Neg8 18.Nb5 Ne8 19.a4 Nh6 20.a5 Rf7 21.h3 Bf6 22.Rc3 Rh7 23.Qc2 g4
24.fxg4 hxg4 25.hxg4 Bh4 26.Rh3 Bd7 27.Qb2 Kg8 28.Nxd6 Nxd6 29.Qxe5 Ndf7
30.Qb2 Bf6 31.Bc3 Bxc3 32.Qxc3 Qe7 33.Rh5 Re8 34.Qc5 Rg7 35.Qxe7 Rxe7 36.Rc1 Nxg4
37.Nxg4 Bxg4 38.Bxg4 Rxg4 39.Rc8+ Kg7 40.Rf5 Nd6  0-1

[Event "Reykjavik op"]
[Site "Reykjavik"]
[Date "1990.??.??"]
[Round "9"]
[White "Bergsson, Snorri"]
[Black "Stefansson, Hannes"]
[Result "0-1"]
[WhiteElo "2230"]
[BlackElo "2420"]

1.d4 Nf6 2.c4 g6 3.Nc3 Bg7 4.e4 d6 5.Be2 O-O 6.Nf3 e5 7.O-O Nc6 8.d5 Ne7
9.a4 a5 10.Ne1 Nd7 11.Nd3 f5 12.f3 Kh8 13.Be3 b6 14.b4 Ng8 15.bxa5 Rxa5 16.Nb4 Bb7
17.Nb5 Bh6 18.Qd2 Bxe3+ 19.Qxe3 f4 20.Qc3 Nc5 21.Nd3 Nxd3 22.Bxd3 Qe7 23.Rfd1 Nf6
24.Rd2 Rfa8 25.Bc2 Qd8 26.Kh1 Bc8 27.c5 bxc5 28.Na3 Qe8 29.Nc4 R5a7 30.Bd1 Nd7
31.Rb2 Nb8 32.a5 Bd7 33.Rab1 Na6 34.g3 g5 35.Rg2 Nb4 36.gxf4 gxf4 37.Be2 Bb5
38.Na3 Bxe2 39.Rxe2 Rxa5 40.Nc4 Ra2 41.Rbe1 Qh5 42.Rxa2 Rxa2 43.Nd2 Qh4 44.Ra1 Rxa1+
45.Qxa1 Qf2 46.Qa8+ Kg7 47.Qd8 Qe1+ 48.Kg2 Qxd2+ 49.Kh3 Nxd5 50.Qd7+ Kf8
51.Qc8+ Ke7 52.exd5 Qxd5 53.Qxc7+ Kf6 54.Kh4 Qd3 55.Qd8+ Ke6 56.Qc8+ Kd5
57.Qa8+ Kd4 58.Qa1+ Ke3 59.Kg4 c4 60.Qa7+ Kd2 61.Qa2+ Qc2 62.Qa6 Qg6+ 63.Kh4 c3
64.Qb6 Qd3  0-1

[Event "Rome op"]
[Site "Rome"]
[Date "1990.??.??"]
[Round "4"]
[White "Mascarinas, Rico"]
[Black "Simoli, Sergio"]
[Result "1/2-1/2"]
[WhiteElo "2470"]
[BlackElo "2225"]

1.d4 Nf6 2.Nf3 g6 3.c4 Bg7 4.Nc3 O-O 5.e4 d6 6.Be2 e5 7.O-O Nc6 8.Be3 Ng4
9.Bg5 f6 10.Bh4 h5 11.h3 Nh6 12.dxe5 dxe5 13.Qxd8 Nxd8 14.Nd5 Ne6 15.Rfd1 Rf7
16.b4 c6 17.Ne3 Nf4 18.Bf1 Bf8 19.c5 Kg7 20.Nd2 Rd7 21.Nb3 Nf7 22.f3 Rc7
23.Bf2 Be7 24.Kh2 Bd7 25.g3 Ne6 26.h4 Rd8 27.Bh3 Nf8 28.Bf1 Be6 29.Rxd8 Nxd8
30.Rd1 Rd7 31.Rxd7 Nxd7 32.Nc4 Bxc4 33.Bxc4 b6 34.Ba6 bxc5 35.bxc5 Kf7 36.Bc8 Ke8
37.Kg2 Ne6 38.Bb7 Nd8 39.Bc8 Ne6  1/2-1/2

[Event "Rome op"]
[Site "Rome"]
[Date "1990.??.??"]
[Round "9"]
[White "Passerotti, Pierluigi"]
[Black "Ubilava, Elizbar"]
[Result "0-1"]
[WhiteElo "2335"]
[BlackElo "2515"]

1.d4 g6 2.Nf3 Nf6 3.c4 Bg7 4.Nc3 d6 5.e4 O-O 6.Be2 e5 7.O-O Nc6 8.d5 Ne7
9.Ne1 Nd7 10.f3 f5 11.g4 Kh8 12.Be3 Ng8 13.Qd2 a5 14.Nd3 b6 15.Kh1 Nc5 16.Nxc5 bxc5
17.b3 f4 18.Bf2 h5 19.Qd1 hxg4 20.fxg4 Bf6 21.Bf3 Rf7 22.Kg2 Rh7 23.Rh1 Bh4
24.Qe1 Bd7 25.Rb1 Kg7 26.Nd1 Qg5 27.h3 Nf6 28.Bxh4 Rxh4 29.Nf2 Qh6 30.Kf1 Nh7
31.Ke2 Ng5 32.Qc3 Nxh3 33.Nxh3 Rxh3 34.Rxh3 Qxh3 35.Rg1 Qh2+ 36.Rg2 Qh1 37.Rf2 Qb1
38.Qd2 Qg1 39.Rg2 Qa1 40.Rh2 Bxg4 41.Bxg4 Qg1  0-1

[Event "ARG-ch"]
[Site "San Luis"]
[Date "1990.??.??"]
[Round "3"]
[White "Soppe, Guillermo"]
[Black "Fiorito, Fabian"]
[Result "1/2-1/2"]
[WhiteElo "2405"]
[BlackElo "2350"]

1.d4 Nf6 2.c4 g6 3.Nc3 Bg7 4.e4 d6 5.Nf3 O-O 6.Be2 e5 7.O-O Nc6 8.d5 Ne7
9.b4 Nd7 10.Nd2 f5 11.c5 Nf6 12.f3 g5 13.Nc4 f4 14.a4 Ng6 15.Ba3 Rf7 16.b5 Bf8
17.b6 axb6 18.cxb6 cxb6 19.Qb3 Ra6 20.Nb5 Ne8 21.Rac1 Rf6 22.Rc3 h5 23.Rfc1 Bd7
24.Nb2 Rf7 25.Nc4 Rf6  1/2-1/2

[Event "ARG-ch"]
[Site "San Luis"]
[Date "1990.??.??"]
[Round "13"]
[White "Ricardi, Pablo"]
[Black "Zarnicki, Pablo"]
[Result "1/2-1/2"]
[WhiteElo "2380"]
[BlackElo "2390"]

1.d4 Nf6 2.c4 g6 3.Nc3 Bg7 4.e4 d6 5.Nf3 O-O 6.Be2 e5 7.O-O Nc6 8.d5 Ne7
9.Nd2 a5 10.a3 Nd7 11.Rb1 f5 12.b4 axb4 13.axb4 Nf6 14.f3 g5 15.c5 Ng6 16.Nc4 Nf4
17.Bxf4 exf4 18.exf5 Bxf5 19.Bd3 Bxd3 20.Qxd3 Nd7 21.Rfe1 dxc5 22.d6 cxd6
23.Nxd6 Qf6 24.Ncb5 cxb4 25.Nc7 Qd4+ 26.Qxd4 Bxd4+ 27.Kh1 Rab8 28.Ne6 Rf6
29.Nxd4 Rxd6 30.Rxb4 Nf6 31.Nf5 Rd7 32.h4 Rf8 33.hxg5 Nd5 34.Nh6+ Kg7 35.Rd4 Rfd8
36.Re6 Nc7 37.Re7+ Rxe7 38.Rxd8 Kg6 39.Ng8 Re8 40.Rd6+ Kxg5 41.Nf6 Re6 42.Nxh7+ Kf5
43.Rd7 Rc6 44.Rg7 b5 45.Rg5+ Ke6 46.Nf8+ Kd6 47.Ng6 Rc4 48.Ne5 Rc1+ 49.Kh2 b4
50.Nd3 Rc4 51.Rg8 Nd5  1/2-1/2

[Event "San Sebastian op"]
[Site "San Sebastian"]
[Date "1990.??.??"]
[Round "?"]
[White "Estremera Panos, Sergio"]
[Black "Bass, Leonid"]
[Result "0-1"]
[WhiteElo "2305"]
[BlackElo "2485"]

1.Nf3 Nf6 2.c4 g6 3.Nc3 Bg7 4.e4 d6 5.d4 O-O 6.Be2 e5 7.O-O Nc6 8.d5 Ne7
9.Nd2 a5 10.a3 Nd7 11.Rb1 f5 12.b4 Kh8 13.f3 f4 14.Na4 c6 15.c5 cxd5 16.cxd6 Nc6
17.exd5 Nd4 18.Ne4 Nf6 19.bxa5 Rxa5 20.Nb6 Bf5 21.Bd3 Nxd5 22.Qe1 Nc6 23.Nc4 Ra7
24.Rb5 Nc7 25.dxc7 Qxd3 26.Ned6 Ra4 27.Rc5 e4 28.Nxf5 gxf5 29.Rxf5 Rg8 30.Nb2 Qc2
31.c8=Q Bd4+ 32.Rf2 Rxc8 33.Nxa4 Bxf2+ 34.Qxf2 Qxc1+ 35.Qf1 Nd4  0-1

[Event "Sankt Augustin"]
[Site "Sankt Augustin"]
[Date "1990.??.??"]
[Round "5"]
[White "Zlatilov, Ivailo"]
[Black "Forgacs, Gyula"]
[Result "1-0"]
[WhiteElo "2350"]
[BlackElo "2325"]

1.d4 Nf6 2.Nf3 d6 3.c4 g6 4.Nc3 Bg7 5.e4 O-O 6.Be2 e5 7.O-O Nc6 8.d5 Ne7
9.b4 c5 10.bxc5 dxc5 11.Bg5 Ne8 12.Nb5 Nd6 13.Nd2 h6 14.Bh4 g5 15.Bg3 f5
16.Nxd6 Qxd6 17.exf5 Bxf5 18.Re1 Qd7 19.a4 e4 20.Ra3 Ng6 21.Bh5 Rae8 22.h3 Nf4
23.Bg4 Qf7 24.Bxf5 Qxf5 25.Qg4 Qg6 26.Rae3 h5 27.Qd7 Nd3 28.R1e2 h4 29.Bc7 Nf4
30.Re1 Nd3 31.R1e2 Nf4 32.Re1 Bd4 33.Bxf4 Rxf4 34.Rf3 Ref8 35.Rxf4 Rxf4 36.Re2 e3
37.fxe3 Qd3 38.Qe6+ Kg7 39.exd4 Qxd4+ 40.Qe3  1-0

[Event "Wch U20"]
[Site "Santiago"]
[Date "1990.??.??"]
[Round "1"]
[White "Shirov, Alexei"]
[Black "Minero Pineda, Sergio"]
[Result "1-0"]
[WhiteElo "2500"]
[BlackElo "2285"]

1.d4 Nf6 2.c4 g6 3.Nc3 Bg7 4.e4 d6 5.Be2 O-O 6.Nf3 e5 7.O-O Nc6 8.d5 Ne7
9.Nd2 c5 10.Rb1 a5 11.a3 Ne8 12.b4 axb4 13.axb4 b6 14.bxc5 bxc5 15.Nb3 f5
16.Bd2 fxe4 17.Nxe4 Nf5 18.Ra1 Rxa1 19.Qxa1 Qh4 20.Bd3 Bh6 21.Qa8 Nf6 22.g3 Qh3
23.Nxf6+ Kg7 24.Ne4 Nh4 25.Bxh6+ Kxh6 26.gxh4 Qxd3 27.Nbd2 Kg7 28.Re1 Bh3
29.Qb7+ Rf7 30.Qb1  1-0

[Event "Wch U20"]
[Site "Santiago"]
[Date "1990.??.??"]
[Round "8"]
[White "Giaccio, Alfredo"]
[Black "Egger, Jorge"]
[Result "1-0"]
[WhiteElo "2225"]
[BlackElo "2325"]

1.d4 Nf6 2.Nf3 g6 3.c4 Bg7 4.Nc3 d6 5.e4 O-O 6.Be2 e5 7.O-O Nc6 8.d5 Ne7
9.b4 Nh5 10.c5 Nf4 11.Bxf4 exf4 12.Qd2 f5 13.e5 dxe5 14.d6 cxd6 15.cxd6 Nc6
16.Qd5+ Kh8 17.b5 e4 18.bxc6 bxc6 19.Qc5 exf3 20.Bxf3 Bd7 21.Rab1 Rb8 22.Ne2 Rb5
23.Rxb5 cxb5 24.Qxa7 g5 25.Rd1 Rf6 26.Qc7 Qe8 27.Nd4 g4 28.Bc6 Rf7 29.Bxd7 Rxd7
30.Nxb5 g3 31.hxg3 fxg3 32.Qc5 gxf2+ 33.Qxf2 Qe5 34.a4 Bh6 35.Re1 Qd5 36.Qb2+ Kg8
37.Qf6 Bf8 38.Kh1 Qd3 39.Qe6+ Rf7 40.Re3 Qd1+ 41.Kh2 Qxa4 42.d7 Qh4+ 43.Rh3 Qd8
44.Rg3+ Bg7 45.Rd3 Kf8 46.g3 f4 47.Nc7 fxg3+ 48.Kh3 Re7 49.Rf3+  1-0

[Event "Wch U20"]
[Site "Santiago"]
[Date "1990.??.??"]
[Round "9"]
[White "Lutz, Christopher"]
[Black "Sinowjew, Juri"]
[Result "1/2-1/2"]
[WhiteElo "2420"]
[BlackElo "2260"]

1.d4 Nf6 2.c4 g6 3.Nc3 Bg7 4.e4 d6 5.Nf3 O-O 6.Be2 e5 7.O-O Nc6 8.d5 Ne7
9.Ne1 Nd7 10.Nd3 f5 11.Bd2 fxe4 12.Nxe4 Nf5 13.Re1 Nf6 14.Bf3 Nd4 15.Nxf6+ Qxf6
16.Be4 Bf5 17.Bc3 Bxe4 18.Rxe4 Qf5 19.f3 c6 20.Bxd4 exd4 21.Nf4 Qxe4 22.fxe4 Rxf4
23.dxc6 bxc6 24.Qa4 Rc8 25.Rf1  1/2-1/2

[Event "Wch U20"]
[Site "Santiago"]
[Date "1990.??.??"]
[Round "9"]
[White "Watanabe, Roberto"]
[Black "Minero Pineda, Sergio"]
[Result "1-0"]
[WhiteElo "2255"]
[BlackElo "2285"]

1.d4 Nf6 2.c4 g6 3.Nc3 Bg7 4.e4 d6 5.Nf3 O-O 6.Be2 e5 7.O-O Nc6 8.d5 Ne7
9.Nd2 c5 10.a3 a5 11.Rb1 Ne8 12.b4 axb4 13.axb4 b6 14.bxc5 bxc5 15.Nb3 f5
16.Bg5 Nf6 17.Nxc5 dxc5 18.d6 Be6 19.dxe7 Qxe7 20.f3 Rad8 21.Qc2 h6 22.Be3 Nh5
23.Nd5 Bxd5 24.cxd5 Nf4 25.Bc4 Kh8 26.Rb5 Rc8 27.Rfb1 fxe4 28.fxe4 h5 29.g3 Nh3+
30.Kg2 Ng5 31.d6 Qd8 32.d7 Ra8 33.Bd5 Bh6 34.Bxa8 Qxa8 35.Rxc5 Qa3 36.Rc3 Qd6
37.Rc8 Kh7 38.Bc5 Qxd7 39.Bxf8 Qg4 40.Qc7+  1-0

[Event "Wch U20"]
[Site "Santiago"]
[Date "1990.??.??"]
[Round "11"]
[White "Peralta, Eduardo"]
[Black "Barahona, Daniel"]
[Result "0-1"]
[WhiteElo "2255"]
[BlackElo "2250"]

1.d4 Nf6 2.c4 g6 3.Nc3 Bg7 4.e4 d6 5.Be2 O-O 6.Nf3 e5 7.O-O Nc6 8.d5 Ne7
9.Ne1 Nd7 10.Be3 f5 11.f3 Nf6 12.b4 f4 13.Bf2 g5 14.c5 Ng6 15.cxd6 cxd6 16.Rc1 Rf7
17.a4 Bf8 18.a5 Bd7 19.Nb5 g4 20.Nc7 g3 21.hxg3 fxg3 22.Bxg3 Nh5 23.Bh2 Bh6
24.Nxa8 Be3+ 25.Rf2 Qh4 26.Nd3 Ngf4 27.Qf1 Ng3 28.Rc2 Nxf1 29.Bxf1 Nxd3  0-1

[Event "Wch U20"]
[Site "Santiago"]
[Date "1990.??.??"]
[Round "12"]
[White "Lutz, Christopher"]
[Black "Shirov, Alexei"]
[Result "0-1"]
[WhiteElo "2420"]
[BlackElo "2500"]

1.d4 Nf6 2.c4 g6 3.Nc3 Bg7 4.e4 d6 5.Nf3 O-O 6.Be2 e5 7.O-O Nc6 8.d5 Ne7
9.Ne1 Nd7 10.Nd3 f5 11.Bd2 Kh8 12.b4 Nf6 13.f3 h5 14.exf5 Nxf5 15.Nf2 c6
16.Bd3 cxd5 17.Nxd5 Nxd5 18.cxd5 Bd7 19.Rc1 Qb6 20.Kh1 Rac8 21.Rxc8 Rxc8
22.Nh3 Qd4 23.Be4 Kg8 24.Re1 Ne7 25.Ng1 Qb2 26.Bg5 Nf5 27.g4 hxg4 28.fxg4 Nd4
29.Bxg6 Qxa2 30.Be4 Rf8 31.Qd3 Bxg4 32.Qg3 Bf5 33.Bg2 Rf7 34.Bh6 Bd7 35.Qg5 Nf5
36.Qd8+ Kh7 37.Bc1 Bf6 38.Qb8 Rg7 39.Be4 Qf2 40.Rd1 Qh4  0-1

[Event "Sas van Gent"]
[Site "Sas van Gent"]
[Date "1990.??.??"]
[Round "1"]
[White "Harwar, Julie"]
[Black "Skalik, Przemyslaw"]
[Result "1/2-1/2"]
[WhiteElo "2065"]
[BlackElo "2300"]

1.d4 Nf6 2.c4 g6 3.Nc3 Bg7 4.e4 d6 5.Nf3 O-O 6.Be2 e5 7.O-O Nc6 8.d5 Ne7
9.Nd2 a5 10.Rb1 Bd7 11.b3 Ne8 12.a3 c5 13.b4 axb4 14.axb4 b6 15.bxc5 bxc5
16.Nb3 f5 17.f3 f4 18.Bd2 g5 19.Ra1 Rxa1 20.Qxa1 h5 21.Nb5 g4 22.Qa5 Qc8
23.Qb6 Rf6 24.Na7 Qa8 25.Na5 Bf8 26.Rb1 Nc8 27.Nxc8 Qxc8 28.Qb8 Rf7 29.Qxc8  1/2-1/2

[Event "Sibenik op"]
[Site "Sibenik"]
[Date "1990.??.??"]
[Round "?"]
[White "Kishnev, Sergey"]
[Black "Damljanovic, Branko"]
[Result "0-1"]
[WhiteElo "2495"]
[BlackElo "2535"]

1.d4 Nf6 2.c4 g6 3.Nc3 Bg7 4.e4 d6 5.Nf3 O-O 6.Be2 e5 7.O-O Nc6 8.d5 Ne7
9.Nd2 a5 10.a3 Bd7 11.b3 Nc8 12.Bb2 Nb6 13.Qc2 Qe7 14.b4 Bh6 15.Nb3 axb4
16.axb4 Na4 17.Na5 Nxb2 18.Qxb2 Rab8 19.b5 Be8 20.b6 cxb6 21.Nb3 Qc7 22.Bd3 Rc8
23.Qa3 Nh5 24.g3 f5 25.Qb4 f4 26.Nb5 Bxb5 27.Qxb5 Nf6 28.Ra2 Ra8 29.Rfa1 Rxa2
30.Rxa2 fxg3 31.hxg3 Ng4 32.Bf1 Nxf2  0-1

[Event "UKR-ch"]
[Site "Simferopol"]
[Date "1990.??.??"]
[Round "?"]
[White "Karpman, Vadim"]
[Black "Kruppa, Yuri"]
[Result "0-1"]
[WhiteElo "2480"]
[BlackElo "2405"]

1.d4 Nf6 2.c4 g6 3.Nc3 Bg7 4.e4 d6 5.Be2 O-O 6.Nf3 e5 7.O-O Nc6 8.d5 Ne7
9.b4 Nh5 10.c5 Nf4 11.Bxf4 exf4 12.Rc1 h6 13.Nd4 a6 14.h3 Kh7 15.Qd3 Ng8
16.cxd6 cxd6 17.Nf3 Re8 18.a4 Bd7 19.a5 Rc8 20.Nd2 Qf6 21.Nc4 Rxc4 22.Qxc4 Rc8
23.Qb3 Rxc3 24.Rxc3 Qxc3 25.Qxc3 Bxc3 26.Rc1 Bxb4 27.Rc7 Nf6 28.Rxb7 Bxa5
29.Bxa6 Bc3 30.f3 Kg7 31.Bb5 Bxb5 32.Rxb5 Nd7 33.Kh2 Be5 34.h4 h5 35.Ra5 Kf6
36.Ra7 Nc5 37.Kh3 Nd3 38.Kh2 Nf2 39.Rd7 Nd1 40.Kh3 Ne3 41.Kh2 Kg7 42.Rb7 Nd1
43.Ra7 Nb2 44.Rb7 Na4 45.Ra7 Nc5 46.Kh3 Kf8 47.Ra8+ Ke7 48.Ra7+ Nd7 49.Kh2 Bd4
50.Ra4 Bf2 51.Kh3 Ne5 52.Rb4 Kf6 53.Rb7 Bg3  0-1

[Event "UKR-ch"]
[Site "Simferopol"]
[Date "1990.??.??"]
[Round "?"]
[White "Karpman, Vadim"]
[Black "Frolov, Artur"]
[Result "1/2-1/2"]
[WhiteElo "2480"]
[BlackElo "2485"]

1.d4 Nf6 2.c4 g6 3.Nc3 Bg7 4.e4 d6 5.Be2 O-O 6.Nf3 e5 7.O-O Nc6 8.d5 Ne7
9.b4 Nh5 10.c5 Nf4 11.Bxf4 exf4 12.Rc1 h6 13.Nd4 Kh8 14.h3 h5 15.Re1 Ng8
16.Qd2 a6 17.Red1 Re8 18.a4 Qf6 19.a5 Bh6 20.Bf3 Qh4 21.cxd6 cxd6 22.Na4 Bg4
23.Nb6 Rad8 24.Rc7 Re7 25.Rxe7 Nxe7 26.Qc3 Bg7 27.hxg4 hxg4 28.Qc7 Rg8 29.Bxg4 Qxg4
30.Nf3 Nf5 31.exf5 gxf5 32.Qxd6 Qxf3 33.gxf3 Bf8+ 34.Kf1 Bxd6 35.Nc4 Bxb4
36.Rb1 Bc5 37.Rxb7 Rd8 38.d6 Bxd6  1/2-1/2

[Event "Hungaroil"]
[Site "Siofok"]
[Date "1990.??.??"]
[Round "7"]
[White "Horvath, Jozsef"]
[Black "Frolov, Artur"]
[Result "0-1"]
[WhiteElo "2540"]
[BlackElo "2485"]

1.d4 Nf6 2.Nf3 g6 3.c4 Bg7 4.Nc3 O-O 5.e4 d6 6.Be2 e5 7.O-O Nc6 8.Be3 Ng4
9.Bg5 f6 10.Bc1 Kh8 11.d5 Ne7 12.Nd2 h5 13.h3 Nh6 14.b4 Nf7 15.c5 h4 16.Nc4 Rg8
17.a4 Bh6 18.f4 exf4 19.Bxf4 g5 20.Bh2 Ng6 21.Bh5 Nfe5 22.Bxg6 Rxg6 23.Bxe5 dxe5
24.Qh5 Kg7 25.Ne3 g4 26.Nf5+ Bxf5 27.exf5 Rg5 28.Qxh4 gxh3 29.Qxh3 Qe8 30.Ne4 Rh5
31.Qg4+ Bg5 32.Ra3 Rh4 33.Qe2 Qh8 34.Nxg5 Rh1+ 35.Kf2 Qh4+ 36.g3 Rxf1+ 37.Kxf1 Qxg5
38.Rd3 Rh8 39.Kg2 Qxf5 40.d6 e4 41.Rd2 Qh3+ 42.Kf2 Qh2+ 43.Ke3 Qxg3+ 44.Kd4 Qe5+
45.Kc4 Qe6+ 46.Kd4 cxd6 47.Qg2+ Kf7 48.cxd6 Qxd6+ 49.Ke3 Qe6 50.Rc2 Qb3+  0-1

[Event "Sochi"]
[Site "Sochi"]
[Date "1990.??.??"]
[Round "?"]
[White "Ruban, Vadim"]
[Black "Tuzan, O."]
[Result "1-0"]
[WhiteElo "2555"]
[BlackElo "2200"]

1.d4 Nf6 2.c4 g6 3.Nc3 Bg7 4.e4 d6 5.Nf3 O-O 6.Be2 e5 7.O-O Nc6 8.d5 Ne7
9.Nd2 a5 10.a3 Nd7 11.Rb1 f5 12.b4 Kh8 13.Qc2 b6 14.Kh1 Nf6 15.f3 f4 16.c5 axb4
17.axb4 g5 18.Nb5 Ne8 19.Bb2 h5 20.Ra1 Rb8 21.Na7 Bd7 22.cxd6 cxd6 23.Nc6 Nxc6
24.dxc6 Bc8 25.Ra7 Nc7 26.b5 g4 27.Rd1 g3 28.Bf1 Rf6 29.Nc4 Re6 30.h3 Nxb5
31.Nxe5 Bxe5 32.Bxb5 Qf8 33.c7 Rb7 34.Rxb7 Bxb7 35.Bd7 Re7 36.Bxe5+ dxe5
37.c8=Q Bxc8 38.Qxc8 Qxc8 39.Bxc8 b5 40.Ba6 b4 41.Rb1 Rd7 42.Kg1 Rd4 43.Kf1 Kg7
44.Ke2 Kf6 45.Rd1 Rxd1 46.Kxd1 Ke7 47.h4 Kd6 48.Kc2 Kc5 49.Kb3 Kd4 50.Kxb4 Ke3
51.Bc8  1-0

[Event "BUL-FRA m"]
[Site "Sofia"]
[Date "1990.??.??"]
[Round "1"]
[White "Chabanon, Jean Luc"]
[Black "Georgiev, Krum"]
[Result "1-0"]
[WhiteElo "2390"]
[BlackElo "2455"]

1.d4 Nf6 2.c4 g6 3.Nc3 Bg7 4.e4 O-O 5.Nf3 d6 6.Be2 e5 7.O-O Nc6 8.d5 Ne7
9.Nd2 a5 10.a3 Bd7 11.Rb1 a4 12.b4 axb3 13.Nxb3 b6 14.Ra1 Qe8 15.Qd3 Ba4
16.Bd1 Kh8 17.Be3 Neg8 18.Nxa4 Rxa4 19.Nd2 Ra5 20.c5 bxc5 21.Nc4 Ra7 22.a4 Nxe4
23.Qxe4 Nf6 24.Qd3 e4 25.Qd2 Qa8 26.Bb3 Qxd5 27.Rad1 Qh5 28.h3 Rb8 29.Rb1 Qd5
30.Qxd5 Nxd5 31.Nxd6 Rxb3 32.Rxb3  1-0

[Event "BUL-FRA m"]
[Site "Sofia"]
[Date "1990.??.??"]
[Round "2"]
[White "Andruet, Gilles"]
[Black "Spasov, Vasil"]
[Result "0-1"]
[WhiteElo "2355"]
[BlackElo "2440"]

1.d4 Nf6 2.c4 g6 3.Nc3 Bg7 4.e4 d6 5.Nf3 O-O 6.Be2 e5 7.O-O Nc6 8.d5 Ne7
9.Ne1 Nd7 10.Nd3 f5 11.Bd2 Nf6 12.f3 f4 13.c5 g5 14.cxd6 cxd6 15.Nf2 Ng6
16.Qc2 Rf7 17.Rfc1 h5 18.h3 g4 19.fxg4 hxg4 20.hxg4 Ne8 21.a4 Bf6 22.Ra3 Bh4
23.Ncd1 Bg3 24.Rc3 Bd7 25.Bb5 Bxb5 26.axb5 Qh4 27.Nh3 Nf6 28.Rc8+ Rxc8 29.Qxc8+ Kg7
30.Ndf2 Bxf2+ 31.Nxf2 f3 32.Qf5 Nxe4 33.Qxf7+ Kxf7 34.Nxe4 Qxg4 35.Rc7+ Ne7
36.Ng5+ Kg6 37.Nxf3 Nxd5 38.Rxb7 e4 39.Rb8 Kg7 40.Rb7+ Kf6  0-1

[Event "BUL-FRA m"]
[Site "Sofia"]
[Date "1990.??.??"]
[Round "7"]
[White "Chabanon, Jean Luc"]
[Black "Spasov, Vasil"]
[Result "0-1"]
[WhiteElo "2390"]
[BlackElo "2440"]

1.d4 Nf6 2.c4 g6 3.Nc3 Bg7 4.e4 d6 5.Nf3 O-O 6.Be2 e5 7.O-O Nc6 8.d5 Ne7
9.Ne1 Nd7 10.Nd3 f5 11.Bd2 Kh8 12.b4 Ng8 13.Rc1 Ndf6 14.f3 Bh6 15.Bxh6 Nxh6
16.Qd2 Nf7 17.c5 Bd7 18.a4 f4 19.a5 g5 20.Nf2 h5 21.h3 Nh6 22.cxd6 cxd6 23.Nb5 Bxb5
24.Bxb5 g4 25.hxg4 hxg4 26.fxg4 Nhxg4 27.Nxg4 Nxg4 28.Rf3 Rf7 29.Rh3+ Kg8
30.Be2 Ne3 31.Rxe3 fxe3 32.Qxe3 Qh4 33.g3 Qh3 34.Bf1 Qg4 35.Be2 Qg6 36.Kg2 Raf8
37.Rf1 Rxf1 38.Bxf1 a6 39.b5 axb5 40.Bxb5 Ra8 41.Qe1 Rc8 42.Bd3 Qg5 43.Qf2 Rc3
44.Be2 Qe3 45.Qxe3 Rxe3 46.Kf2 Ra3  0-1

[Event "BUL-FRA m"]
[Site "Sofia"]
[Date "1990.??.??"]
[Round "8"]
[White "Andruet, Gilles"]
[Black "Georgiev, Krum"]
[Result "1/2-1/2"]
[WhiteElo "2355"]
[BlackElo "2455"]

1.d4 Nf6 2.c4 g6 3.Nc3 Bg7 4.e4 d6 5.Nf3 O-O 6.Be2 e5 7.O-O Nc6 8.d5 Ne7
9.Ne1 Nd7 10.Nd3 f5 11.Bd2 Rf7 12.Qc2 c5 13.f4 a6 14.Rae1 b5 15.cxb5 axb5
16.Nxb5 Qb6 17.Nc3 Bb7 18.Kh1 fxe4 19.Nf2 e3 20.Bxe3 exf4 21.Bc1 Ne5 22.Nd3 f3
23.gxf3 Nd7 24.Nf4 Be5 25.Ne6 Nxd5 26.Bc4 Nxc3 27.Ng5 d5 28.Nxf7 Kxf7 29.Bd3 Nb5
30.Qg2 Bg7 31.Qh3  1/2-1/2

[Event "St Ingbert op"]
[Site "St Ingbert"]
[Date "1990.??.??"]
[Round "2"]
[White "Legky, Nikolay A"]
[Black "Wimmer, Herbert"]
[Result "1-0"]
[WhiteElo "2455"]
[BlackElo "2265"]

1.d4 Nf6 2.c4 g6 3.Nc3 Bg7 4.e4 d6 5.Be2 O-O 6.Nf3 e5 7.O-O Nc6 8.d5 Ne7
9.Bg5 Nd7 10.Nd2 f6 11.Be3 f5 12.f3 Kh8 13.b4 a5 14.bxa5 Rxa5 15.Nb3 Ra8
16.c5 Nf6 17.Qc2 f4 18.Bf2 g5 19.Nb5 Ne8 20.a4 Ng6 21.a5 h5 22.Rfc1 g4 23.cxd6 cxd6
24.Nc7 Nxc7 25.Qxc7 Qf6 26.Nd2 g3 27.Be1 Rf7 28.Qb6 Bf8 29.h3 Be7 30.Nc4 Nh4
31.Ra2 Nxg2 32.Kxg2 Qh4 33.Kg1 Bxh3 34.Bd1 Bd8 35.Qb4 Bc7 36.Nxd6 Bb8 37.Nb5 Bd7
38.d6 Kg7 39.Bc3 Qg5 40.Qc5 Kf6 41.Bb3 Rg7 42.Qxe5+ Qxe5 43.Bxe5+ Kxe5 44.Rc5+ Kf6
45.e5+ Kg6 46.Ra4 Kh6 47.Rxf4 Rxa5 48.e6 Bxb5 49.Rxb5 Ra1+ 50.Kg2 Bxd6 51.Rf6+ Rg6
52.Rff5 Ra7 53.f4 Kg7 54.Rf7+ Kh6 55.f5 Rg8 56.e7 h4 57.Rf6+ Kg5 58.Rxd6  1-0